Stade de Reims Squad 2021-2022 - Statistics

General Stats
  • This quiz has been taken 6 times
  • The average score is 16 of 32
Answer Stats
# Position Nation Player % Correct
7 FW Mali El Bilal Touré
100%
22 FW France Hugo Ekitiké
100%
1 GK Serbia Predrag Rajković
100%
2 DF Belgium Wout Faes
100%
5 DF Morocco Yunis Abdelhamid
100%
10 FW Kosovo Arbër Zeneli
75%
32 DF Belgium Thomas Foket
75%
14 MF Kosovo Valon Berisha
75%
16 GK France Yehvann Diouf
75%
6 DF Guadeloupe Andreaw Gravillon
50%
21 MF Netherlands Azor Matusiwa
50%
13 DF Mali Fodé Doucouré
50%
3 DF Ivory Coast Ghislain Konan
50%
20 MF Algeria Ilan Kebbal
50%
8 MF Sweden Jens Cajuste
50%
15 MF Zimbabwe Marshall Munetsi
50%
4 DF Belgium Maxime Busi
50%
19 FW Netherlands Mitchell van Bergen
50%
11 FW France Nathanaël Mbuku
50%
27 FW Ivory Coast N'Dri Koffi
50%
- Coach Spain Óscar García
50%
17 FW Greece Anastasios Donis
25%
26 MF Senegal Dion Lopy
25%
18 FW Scotland Fraser Hornby
25%
24 MF France Mathieu Cafaro
25%
23 MF Guinea-Bissau Moreto Cassamá
25%
25 FW Mali Moussa Doumbia
25%
29 DF Senegal Moustapha Mbow
25%
30 GK France Nicolas Penneteau
25%
12 FW France Alexis Flips
0%
28 DF France Bradley Locko
0%
33 MF France Sambou Sissoko
0%
No matching quizzes found
Score Distribution
Percent of People with Each Score
Percentile by Number Answered
Your Score History
You have not taken this quiz